Spongebob Kanciastoporty -quiz o kreskówce - Statystyki

Ogólne statystyki
  • Ten quiz został rozwiązany 120 razy
  • Średni wynik to 14 z 25
Statystyki odpowiedzi
Lp. Pytanie Odpowiedź % Poprawnych
1 Kto ananasowy pod wodą ma dom? SpongeBob Kanciastoporty
94%
7 Jaką nazwę nosi miasto w której mieszka SpongeBob? Bikini Dolne
90%
6 A jak ma na imię owo zwierzątko? Gacuś
90%
3 "Wirtuozem" którego instrumentu jest Skalmar? Klarnet
89%
5 Kogo jako zwierzątko domowe trzyma SpongeBob? Ślimak
87%
2 Jaką nazwę nosi jadłodajnia w której pracuje główny bohater? Pod Tłustym Krabem
86%
8 Pomimo, że Pan Krab jest oczywiście krabem, jego córka jest jakim zwierzęciem morskim? Wieloryb
85%
11 Egzamin na co wielokrotnie oblał SpogeBob? Prawo jazdy
84%
4 Z jakiego amerykańskiego stanu pochodzi wiewiórka Sandy? Teksas
78%
16 Na jakie stworzenie morskie często "polują" siatkami SpongeBob i Patryk Meduza
77%
24 Jak ma na imię "elektroniczna" żona Planktona? Karen
74%
21 Przepis na co jest największą serialową tajemnicą? Kraboburger
69%
17 Jaką nazwę nosi restauracja prowadzona przez Planktona? Kubeł Pomyj
63%
14 Jak ma na imię występujący w serialu duch pirata? Latający Holender
52%
23 Jak ma na imię serialowy władca mórz i oceanów? Neptun
46%
18 Jedna z postaci ma szczególnego pecha do urazu pewnej części ciała -której? Noga
44%
19 Jaką nazwę nosi popularna wśród bohaterów serialu plaża i miejsce wypoczynku? Błotnista Laguna
43%
9 Jak ma na imię główny antagonista serialu, Plankton? Sheldon
36%
13 Jaką nazwę nosi serialowy park rozrywki o tematyce opartej na części odzieży? Świat Rękawic
33%
25 Które morskie stworzenie budzi pełne obrzydzenie wśród bohaterów serialu i jest traktowane jako odpowiednik "podwodnego karalucha"? Jeżowiec
20%
15 Jaką nazwę nosi miasto, którego mieszkańcy mający "plujący" akcent? Skalisko Dolne
16%
20 Idolem Skalmara jest nijaki Glony G (Kelpy G) -parodią, którego prawdziwego muzyka jest owa postać? Kenny G.
10%
12 Kto z ekipy programu MTV -"Jackass" użyczył swojego głosu postaci Jaśka Kryla (Johnny Krill)? Johnny Knoxville
5%
10 Który zespół metalowy nagrał ścieżkę dźwiękową do jednego z odcinków? Pantera
4%
22 W odcinku specjalnym w którym bohaterowie trafiają do Atlantydy, który znany brytyjski muzyk użyczył głosu Władcy Atlantydy (Jego Królewska Mość)? David Bowie
3%
Nie znaleziono quizów pasujących do podanych kryteriów
Rozkład punktacji
Procent ludzi z każdym wynikiem
Percentyl według liczby udzielonych odpowiedzi
Twoja historia wyników
Nie rozwiązałeś tego quizu